000 00380nam a22001697a 4500
003 LK-CoDNM
005 20240909094711.0
008 240909b |||||||| |||| 00| 0 eng d
040 _aLK-CoDNM
_dLK-CoDNM
_eLK-CoDNM
041 _aeng
080 _a6
_bB28
100 _aUnknown
245 _aL'ILE DE Ceylan
260 _bParis
_c1863
300 _a190p ; 19cm
942 _cBK
999 _c151498
_d151498